OECD Territorial Reviews: Kazakhstan 2017

Gespeichert in:
Bibliographische Detailangaben
Format: Buch
Sprache:Englisch
Veröffentlicht: Paris OECD 2017
Schriftenreihe:OECD Territorial Reviews
Schlagworte:
Tags: Tag hinzufügen
Keine Tags, Fügen Sie das erste Tag hinzu!

MARC

LEADER 00000nam a2200000 4500
001 0242292
005 20240314123350.7
020 |a 978-92-64-26942-2 
041 0 |a eng 
044 |a FR 
245 1 0 |a OECD Territorial Reviews: Kazakhstan 2017 
264 1 |a Paris  |b OECD  |c 2017 
300 |a 174 s. 
490 1 |a OECD Territorial Reviews 
830 0 |a OECD Territorial Reviews 
610 2 0 |a rozvoj regionálny 
610 2 0 |a regióny 
610 2 0 |a vidiek 
610 2 0 |a politika regionálna 
610 2 0 |a správa štátna 
610 2 0 |a politika fiškálna 
610 2 0 |a rozpočet štátny 
610 2 0 |a decentralizácia 
610 2 0 |a Kazachstan